zpět

Detail výsledku týmu

Kentaur PO, Brno

Datum a čas kvízu

29.5 Celkem bodů Celkový počet nahraných bodů na tomto kvízu bez doplňovacích otázek.
5. Pořadí na kvízu Konečné umístění týmu na tomto kvízu.

Zaznamenané odpovědi

# Otázka Odpověď Body Výsledky
1. Komunální volby mají mnohdy ku... 0
2. V Evropské unii začalo platit... 0
3. Slovenským potápěčům se podaři... 1
4. Společnost Mafra, patřící do k... 1
5. Česká fotbalová reprezentace p... 1
6. Ukrajina patří mezi největší z... 0
7. Hlavním a největším městem Ukr... 1
8. Jak se jmenuje prezident Ukraj... 1
9. Mezi nejtypičtější ukrajinské... 1
10. Ukrajina drží jeden zajímavý s... 1